Regulating the electricity supply industry by valuing environmental effects How much is the Emperor wearing?

Problematika skúmania účinkov energetiky na životné prostredie. Nekonzistentnosť klasifikácie environmentálnych účinkov energetiky a ich multidimenzionálny charakter. Metodologické problémy hodnotenia environmentálnych účinkov energetiky. Sociálne dôsledky hodnotenia účinkov energetiky na životné pr...

Ausführliche Beschreibung

Gespeichert in:
Bibliographische Detailangaben
1. Verfasser: Stirling, A.
Format: Buchkapitel
Sprache:Englisch
Schlagworte:
Tags: Tag hinzufügen
Keine Tags, Fügen Sie das erste Tag hinzu!

MARC

LEADER 00000naa a2200000 4500
001 r000992
005 20221130111656.7
041 0 |a eng 
044 |a GB 
245 1 0 |a Regulating the electricity supply industry by valuing environmental effects  |b How much is the Emperor wearing?  |c A. Stirling 
520 |a Problematika skúmania účinkov energetiky na životné prostredie. Nekonzistentnosť klasifikácie environmentálnych účinkov energetiky a ich multidimenzionálny charakter. Metodologické problémy hodnotenia environmentálnych účinkov energetiky. Sociálne dôsledky hodnotenia účinkov energetiky na životné prostredie. 
610 2 0 |a energetika 
610 2 0 |a prostredie životné 
610 2 0 |a klasifikácia 
610 2 0 |a metodológia 
610 2 0 |a regulácia 
100 1 |a Stirling, A.